[Event "AUTO-OPEN-251"]
[Site "http://www.queenalice.com/game.php?id=63498"]
[Date "2006.4.15"]
[Round "1"]
[White "alex18"]
[Black "paulotarantinesco"]
[Result "0-1"]
[WhiteElo "1139"]
[BlackElo "1595"]

1. e4 c5 2. c4 e5 3. d3 d6 4. f4 Nf6 5. Nf3 Nc6 6. b3 Bg4 7. Bd2 Nd4 8. h3 Bd7
9. b4 b5 10. bxc5 bxc4 11. dxc4 Nxe4 12. Rg1 dxc5 13. fxe5 Nxf3+ 14. Qxf3 Nxd2
15. Nxd2 Be6 16. g4 f6 17. Bg2 Rc8 18. Qb7 Qc7 19. Qb5+ Bd7 20. Qb2 Qxe5+ 21.
Qxe5+ fxe5 22. Nf3 Bd6 23. O-O-O Bc7 24. Rge1 Kd8 25. Nxe5 Bxe5 26. Rxe5 Rc7 27.
Rdd5 Kc8 28. Rxc5 Re8 29. Rh5 h6 30. g5 Rxc5 31. Bf1 Re1+ 32. Kd2 Rxf1 0-1

[Event "AUTO-OPEN-251"]
[Site "http://www.queenalice.com/game.php?id=63499"]
[Date "2006.4.15"]
[Round "1"]
[White "paulotarantinesco"]
[Black "Edgar"]
[Result "1-0"]
[WhiteElo "1563"]
[BlackElo "1986"]

1. c4 e5 2. Nc3 d6 3. e4 Nc6 4. Nf3 Bg4 5. Be2 h6 6. h3 Bh5 7. Nh2 Bxe2 8. Qxe2
Nd4 9. Qd1 Nf6 10. d3 a6 11. O-O Be7 12. Nf3 Nxf3+ 13. Qxf3 c5 14. Qg3 Nh5 15.
Qf3 Nf6 16. Qg3 Nh5 17. Qf3 g6 18. Be3 Kf8 19. Nd5 Nf6 20. b3 Nxd5 21. exd5 Bg5
22. a4 b5 23. axb5 axb5 24. Rxa8 Qxa8 25. Bxg5 hxg5 26. Qf6 Kg8 27. Qxd6 bxc4
28. dxc4 e4 29. Qxc5 Qe8 30. Qc6 Qxc6 31. dxc6 Kf8 32. b4 Ke7 33. b5 Kd6 34.
Rd1+ Kc5 35. c7 Rc8 36. Rd5+ Kb6 37. Rd6+ Kxc7 38. Rc6+ Kd7 39. Rxc8 Kxc8 40.
Kf1 f5 41. Ke2 Kb7 42. Ke3 Kb6 43. f3 Kc5 44. fxe4 Kd6 45. exf5 gxf5 46. Kd4 Kd7
47. Ke5 f4 48. Kf5 Kd6 49. Kxg5 Kc5 50. Kxf4 Kb6 51. Kf5 Kc5 52. g4 Kb6 53. Kf6
Kc5 54. g5 Kb6 55. g6 Kc5 56. g7 Kb6 57. g8=Q Kc5 58. h4 Kb6 59. h5 Kc5 60. h6
Kb6 61. h7 Kc5 62. h8=Q Kb6 63. c5+ Kxc5 64. b6 Kxb6 65. Qh5 Kc6 66. Qe6+ Kc7
67. Qc5+ 1-0

[Event "AUTO-OPEN-251"]
[Site "http://www.queenalice.com/game.php?id=63500"]
[Date "2006.4.15"]
[Round "1"]
[White "Edgar"]
[Black "paulotarantinesco"]
[Result "1-0"]
[WhiteElo "1836"]
[BlackElo "1603"]

1. e4 c5 2. d4 cxd4 3. Qxd4 Nc6 4. Qd2 e5 5. Nc3 Bb4 6. Nf3 Nf6 7. Bc4 Nxe4 8.
Qd5 Bxc3+ 9. bxc3 Qe7 10. Qxe4 O-O 11. O-O Kh8 12. Ng5 g6 13. Nxf7+ Rxf7 14.
Bxf7 Qxf7 15. Bh6 d5 16. Qe3 e4 17. a3 Kg8 18. f3 Qe7 19. fxe4 Be6 20. Rae1 d4
21. cxd4 Na5 22. d5 Nc4 23. Qc3 Rc8 24. dxe6 Qc5+ 25. Re3 Qe7 26. Rf7 Qxe6 27.
Qg7# 1-0

[Event "Let's Play Chess!"]
[Site "http://www.queenalice.com/game.php?id=65532"]
[Date "2006.4.25"]
[Round "-"]
[White "paulotarantinesco"]
[Black "rubenov"]
[Result "0-1"]
[WhiteElo "1596"]
[BlackElo "1905"]

1. c4 e5 2. Nc3 Nf6 3. e3 Bc5 4. d4 exd4 5. exd4 Bb4 6. Bd2 O-O 7. Be2 Nc6 8.
Nf3 h6 9. a3 Be7 10. O-O d6 11. d5 Nb8 12. Qc1 Ng4 13. h3 Ne5 14. Nxe5 dxe5 15.
Bxh6 gxh6 16. Qxh6 Bf5 17. f4 exf4 18. Rxf4 Bg5 19. Qh5 Bxf4 20. Qxf5 Qg5 21.
Qxg5+ Bxg5 22. Nb5 Bf4 23. Kf2 a6 24. Nxc7 Bxc7 0-1

[Event "AUTO-MASTER-136"]
[Site "http://www.queenalice.com/game.php?id=65550"]
[Date "2006.4.25"]
[Round "1"]
[White "willyanF"]
[Black "paulotarantinesco"]
[Result "1-0"]
[WhiteElo "1857"]
[BlackElo "1593"]

1. d4 Nf6 2. c4 d5 3. Nc3 e6 4. Bg5 Be7 5. Nf3 h6 6. Bh4 g5 7. Bg3 c5 8. cxd5
Nxd5 9. Nxd5 exd5 10. dxc5 Bxc5 11. e3 Qa5+ 12. Nd2 Qb6 13. Qb3 Qxb3 14. Nxb3
Bb6 15. O-O-O Be6 16. Bb5+ Ke7 17. h4 a6 18. Be2 g4 19. h5 Nc6 20. Rh4 f5 21. f3
Rac8 22. Kb1 Bxe3 23. fxg4 fxg4 24. Bxg4 Bxg4 25. Rxg4 Ba7 26. Rxd5 Rhg8 27.
Re4+ Kf6 28. Bh4+ Kg7 29. Rd7+ Kf8 30. g4 Bb8 31. Rxb7 Rg7 32. Rxg7 Kxg7 33. Nc5
Ba7 34. Nxa6 Bg1 35. Rc4 Na7 36. Rxc8 Nxc8 37. Kc2 Nb6 38. b4 Kf7 39. Kd3 Ke6
40. Ke4 Bh2 41. g5 hxg5 42. Bxg5 Be5 43. Be3 Nc4 44. Bf4 Bh8 45. a4 Kd7 46. a5
Kc6 47. Nc5 Nxa5 48. bxa5 Kxc5 49. Be3+ Kb5 50. Bd4 1-0

[Event "AUTO-MASTER-136"]
[Site "http://www.queenalice.com/game.php?id=65551"]
[Date "2006.4.25"]
[Round "1"]
[White "paulotarantinesco"]
[Black "willyanF"]
[Result "0-1"]
[WhiteElo "1594"]
[BlackElo "1785"]

1. c4 Nf6 2. d4 e6 3. Nf3 b6 4. e3 Bb7 5. Be2 Bb4+ 6. Bd2 Bxd2+ 7. Qxd2 O-O 8.
Nc3 d5 9. cxd5 Nxd5 10. O-O Nd7 11. Rac1 c5 12. Nxd5 Bxd5 13. dxc5 Nxc5 14. Rfd1
Qe7 15. a3 Nb3 16. Qe1 Nxc1 17. Rxc1 Rac8 18. Rd1 Rc2 19. Ne5 Rfc8 20. f3 Rxb2
21. h3 Rcc2 0-1

[Event "AUTO-MASTER-136"]
[Site "http://www.queenalice.com/game.php?id=65564"]
[Date "2006.4.25"]
[Round "1"]
[White "trunksjackson"]
[Black "paulotarantinesco"]
[Result "1-0"]
[WhiteElo "1583"]
[BlackElo "1594"]

1. e4 c5 2. Qh5 e6 3. Bc4 Nf6 4. Qf3 Nc6 5. d3 Nd4 6. Qd1 b5 7. Bb3 Nxb3 8. axb3
Bb7 9. Bg5 Be7 10. Nf3 h6 11. Bh4 Nh7 12. Bg3 Ng5 13. Nxg5 Bxg5 14. f4 Bf6 15.
Nc3 b4 16. Nb5 Be7 17. O-O O-O 18. f5 exf5 19. Nd6 Bxd6 20. Bxd6 Re8 21. Rxf5
Rf8 22. Qg4 Kh8 23. Raf1 1-0

[Event "AUTO-MASTER-136"]
[Site "http://www.queenalice.com/game.php?id=65565"]
[Date "2006.4.25"]
[Round "1"]
[White "paulotarantinesco"]
[Black "trunksjackson"]
[Result "0-1"]
[WhiteElo "1586"]
[BlackElo "1603"]

1. c4 e5 2. Nc3 Nf6 3. e4 c6 4. Nf3 Bd6 5. d4 exd4 6. Nxd4 Be5 7. Be3 O-O 8. f4
Bc7 9. Bd3 d5 10. e5 Ng4 11. Qf3 Nxe3 12. Qxe3 Ba5 13. O-O Bxc3 14. bxc3 Na6 15.
f5 Nc5 16. Nf3 Nxd3 17. Qxd3 dxc4 18. Qxd8 Rxd8 19. g4 b5 20. Rfd1 Bb7 21. Kf2
c5 22. Rd6 Rxd6 23. exd6 f6 24. Rd1 Kf7 25. d7 Rd8 26. g5 Bc6 27. gxf6 Kxf6 28.
Nh4 Rxd7 29. Rd6+ Rxd6 0-1

[Event "AUTO-MASTER-136"]
[Site "http://www.queenalice.com/game.php?id=65574"]
[Date "2006.4.25"]
[Round "1"]
[White "paulotarantinesco"]
[Black "joey30"]
[Result "0-1"]
[WhiteElo "1567"]
[BlackElo "1873"]

1. c4 g6 2. d4 c6 3. e3 Bg7 4. Nc3 Nf6 5. Nf3 O-O 6. Be2 d5 7. c5 Nbd7 8. O-O
Qc7 9. a4 a6 10. b4 e5 11. Bb2 e4 12. Nd2 Ne8 13. f3 exf3 14. Bxf3 Nef6 15. Ne2
Re8 16. Nb3 Nf8 17. Bc1 Bg4 18. Nc3 Qd7 19. Bxg4 Nxg4 20. Qf3 Bh6 21. Re1 Bg7
22. Bd2 Nf6 23. a5 Ne6 24. Re2 Ng5 25. Qf2 Nge4 26. Nxe4 Nxe4 27. Qe1 Qg4 28.
Qf1 Re6 29. Qf3 Qg5 30. Rf1 Rae8 31. Qxf7+ Kh8 32. Qf4 Qh5 33. Qf3 Qh4 34. Qf4
Qd8 35. Qf7 R8e7 36. Qf3 Rf6 37. Qh3 Rxf1+ 38. Kxf1 Rf7+ 39. Kg1 Qf8 40. Re1 Rf2
41. Bc1 Nc3 42. g3 Ne2+ 43. Kh1 Qf3+ 0-1

[Event "AUTO-MASTER-136"]
[Site "http://www.queenalice.com/game.php?id=65575"]
[Date "2006.4.25"]
[Round "1"]
[White "joey30"]
[Black "paulotarantinesco"]
[Result "1-0"]
[WhiteElo "1677"]
[BlackElo "1596"]

1. e4 c5 2. Nf3 e6 3. d4 cxd4 4. Nxd4 Nc6 5. Nc3 Bc5 6. Be3 Bxd4 7. Bxd4 e5 8.
Bc5 b6 9. Ba3 Nf6 10. Nb5 d5 11. Nd6+ Kd7 12. exd5 Nd4 13. c3 1-0

[Event "Challenge"]
[Site "http://www.queenalice.com/game.php?id=71232"]
[Date "2006.5.24"]
[Round "-"]
[White "Danilo"]
[Black "paulotarantinesco"]
[Result "1-0"]
[WhiteElo "1508"]
[BlackElo "1588"]

1. e4 c5 2. Bc4 e6 3. a3 Nc6 4. d3 d5 5. exd5 exd5 6. Bb5 Nf6 7. Bxc6+ bxc6 8.
h3 Bd6 9. Nf3 O-O 10. O-O Re8 11. Bg5 Be7 12. Bxf6 Bxf6 13. c3 Bb7 14. Nbd2 Qd7
15. d4 c4 16. b3 cxb3 17. Nxb3 Ba6 18. Nc5 Qc8 19. Re1 Rxe1+ 20. Qxe1 Bc4 21. a4
Qd8 22. a5 Be7 23. Ne5 Bxc5 24. dxc5 Bb5 25. f4 Qf6 26. g3 Re8 27. a6 Qe6 28. g4
f6 29. Nf3 Qxe1+ 30. Rxe1 Rxe1+ 31. Nxe1 Bxa6 32. Nc2 Bd3 33. Ne3 a5 34. Nd1 a4
35. c4 dxc4 36. Nb2 Bc2 37. Nxc4 Bd3 38. Nb2 Bb5 39. Nxa4 Bxa4 40. Kf2 Kf7 41.
f5 g6 42. fxg6+ Kxg6 43. Kg3 f5 44. gxf5+ Kxf5 45. h4 Ke5 46. h5 Kd5 47. Kg4 Bc2
48. Kg5 Kxc5 49. Kf6 Be4 50. Ke5 Bb1 51. h6 1-0

[Event "Challenge"]
[Site "http://www.queenalice.com/game.php?id=73108"]
[Date "2006.5.31"]
[Round "-"]
[White "paulotarantinesco"]
[Black "heiderich"]
[Result "0-1"]
[WhiteElo "1493"]
[BlackElo "1722"]

1. c4 Nf6 2. Nc3 e6 3. Nf3 b6 4. e4 Bb7 5. d3 d5 6. cxd5 exd5 7. e5 Qe7 8. Be2
Nfd7 9. d4 Qd8 10. O-O Be7 11. Be3 O-O 12. Qd3 c5 13. dxc5 Nxc5 14. Bxc5 bxc5
15. Rfd1 d4 16. Ne4 Qd5 17. Ng3 Nd7 18. Qc4 Qxc4 19. Bxc4 Nb6 20. Bf1 g6 21. Be2
Rfd8 22. Nd2 Rab8 23. f4 Nd5 0-1

[Event "Challenge"]
[Site "http://www.queenalice.com/game.php?id=73109"]
[Date "2006.5.31"]
[Round "-"]
[White "heiderich"]
[Black "paulotarantinesco"]
[Result "1-0"]
[WhiteElo "1412"]
[BlackElo "1588"]

1. d4 Nf6 2. c4 d5 3. Nc3 e6 4. Bg5 Bb4 5. Qb3 Nc6 6. e3 h6 7. Bh4 g5 8. Bg3 Ne4
9. Bd3 dxc4 10. Qxc4 Nxg3 11. hxg3 Bd7 12. a3 Bxc3+ 13. Qxc3 Qf6 14. Nf3 O-O-O
15. Rc1 g4 16. Ne5 Nxe5 17. Qxc7# 1-0

[Event "AUTO-OPEN-295"]
[Site "http://www.queenalice.com/game.php?id=76975"]
[Date "2006.6.16"]
[Round "1"]
[White "alfredo"]
[Black "paulotarantinesco"]
[Result "1-0"]
[WhiteElo "1292"]
[BlackElo "1486"]

1. d4 Nf6 2. c4 d5 3. Nc3 e6 4. Nf3 c5 5. Bg5 Be7 6. e3 h6 7. Bf4 a6 8. Bd3 cxd4
9. Nxd4 Nc6 10. O-O Nxd4 11. exd4 dxc4 12. Bxc4 O-O 13. Rc1 b5 14. Be2 Bb7 15.
Bf3 Bxf3 16. Qxf3 b4 17. Na4 Rc8 18. Rc6 Qd7 19. Rfc1 Rxc6 20. Rxc6 Qxd4 21. Rc7
Re8 22. g3 1-0

[Event "AUTO-OPEN-295"]
[Site "http://www.queenalice.com/game.php?id=76976"]
[Date "2006.6.16"]
[Round "1"]
[White "paulotarantinesco"]
[Black "alfredo"]
[Result "0-1"]
[WhiteElo "1486"]
[BlackElo "1346"]

1. c4 c5 2. Nf3 Nc6 3. Nc3 Nf6 4. d3 g6 5. g3 Bg7 6. Bg2 b6 7. O-O O-O 8. Be3
Bb7 9. Qc2 d6 10. a3 Qc7 11. Rad1 Rad8 12. Qd2 Ng4 13. Nd5 Nxe3 14. Nxc7 Nxf1
15. Kxf1 e6 16. Nxe6 fxe6 17. e4 Na5 18. Ne1 Nb3 19. Qc2 Nd4 20. Qb1 Rf7 21. Nf3
Nxf3 0-1

[Event "AUTO-OPEN-295"]
[Site "http://www.queenalice.com/game.php?id=77003"]
[Date "2006.6.16"]
[Round "1"]
[White "rom_banane"]
[Black "paulotarantinesco"]
[Result "1-0"]
[WhiteElo "1698"]
[BlackElo "1588"]

1. e4 c5 2. d4 cxd4 3. Qxd4 Nc6 4. Qd1 e6 5. Bb5 a6 6. Ba4 b5 7. Bb3 Nf6 8. Nd2
Bb7 9. Ngf3 Be7 10. O-O O-O 11. h3 Nb8 12. e5 Nd5 13. Ne4 Nb6 14. Re1 Qc7 15.
Qd3 Nc6 16. Be3 Rad8 17. Nfg5 Bxg5 18. Nxg5 g6 19. Bc5 Nxe5 20. Bxb6 Qc6 21. Qg3
Qxb6 22. Rxe5 Qd4 23. Rb1 f6 24. Rxe6 dxe6 25. Nxe6 1-0

[Event "AUTO-OPEN-295"]
[Site "http://www.queenalice.com/game.php?id=77004"]
[Date "2006.6.16"]
[Round "1"]
[White "paulotarantinesco"]
[Black "rom_banane"]
[Result "0-1"]
[WhiteElo "1588"]
[BlackElo "1685"]

1. c4 d5 2. cxd5 Qxd5 3. Nc3 Qd8 4. Nf3 Nc6 5. e3 Bg4 6. Be2 Nf6 7. h3 Bf5 8. a3
e5 9. O-O e4 10. Ne1 Qd7 11. f4 Nd5 12. Nxd5 Qxd5 13. b3 Bc5 14. Bc4 Bxe3+ 15.
Kh1 Qd6 16. Qc2 Bxf4 17. Bb2 Nd4 18. Bxd4 Qxd4 19. Rd1 g5 20. Qc3 Qxc3 21. dxc3
O-O 22. g3 Bxh3 23. Rg1 Be3 24. Ng2 Bxg1 0-1

[Event "AUTO-OPEN-295"]
[Site "http://www.queenalice.com/game.php?id=77023"]
[Date "2006.6.16"]
[Round "1"]
[White "paulotarantinesco"]
[Black "johnny"]
[Result "0-1"]
[WhiteElo "1569"]
[BlackElo "1508"]

1. c4 e5 2. Nc3 Nf6 3. d3 Be7 4. Nf3 Nc6 5. g3 O-O 6. Bg2 d6 7. O-O Qd7 8. e4
Nb4 9. a3 Na6 10. d4 exd4 11. Nxd4 c5 12. Nf3 Nc7 13. Re1 Ng4 14. Nd2 b6 15. e5
dxe5 16. Bxa8 Nxa8 17. Nde4 a5 18. Qxd7 Bxd7 19. Nd5 Bd8 20. f3 Nf6 21. Nexf6+
gxf6 0-1

[Event "AUTO-OPEN-295"]
[Site "http://www.queenalice.com/game.php?id=77024"]
[Date "2006.6.16"]
[Round "1"]
[White "johnny"]
[Black "paulotarantinesco"]
[Result "1-0"]
[WhiteElo "1526"]
[BlackElo "1551"]

1. e4 c5 2. Nf3 Nc6 3. d3 e6 4. Be2 Nf6 5. O-O d5 6. a4 a6 7. b3 dxe4 8. Ng5
exd3 9. Qxd3 Qxd3 10. Bxd3 h6 11. Nf3 Be7 12. c4 Nb4 13. Re1 Nxd3 14. Rd1 Nxc1
15. Rxc1 O-O 16. Ne5 Bd6 17. Nd3 Bd7 18. Nc3 Bc6 19. Nb2 Be5 20. Nd3 Bxc3 21.
Rxc3 b6 22. Ne5 1-0